Skład Reprezentacji Polski w Siatkówce - Statystyki

Ogólne statystyki
  • Ten quiz został rozwiązany 476 razy
  • Średni wynik to 11 z 14
Statystyki odpowiedzi
Pozycja Nazwisko % Poprawnych
Atakujący Kurek
98%
Libero Zatorski
92%
Przyjmujący Leon
86%
Środkowi Kochanowski
85%
Przyjmujący Śliwka
82%
Środkowi Bieniek
78%
Przyjmujący Fornal
77%
Rozgrywający Łomacz
75%
Atakujący Kaczmarek
71%
Rozgrywający Drzyzga
70%
Przyjmujący Kubiak
70%
Przyjmujący Semeniuk
69%
Środkowi Nowakowski
66%
Libero Wojtaszek
60%
Nie znaleziono quizów pasujących do podanych kryteriów
Rozkład punktacji
Procent ludzi z każdym wynikiem
Percentyl według liczby udzielonych odpowiedzi
Twoja historia wyników
Nie rozwiązałeś tego quizu